Diálogo de las cosas ocurridas en Roma

Guardat en:
Dades bibliogràfiques
Autor principal: Valdés, Alfonso de (autor)
Format: Llibre
Idioma:espanyol
Publicat: Madrid Espasa Calpe 1946
Col·lecció:Clásicos Castellanos, 89
Matèries:
Etiquetes: Afegir etiqueta
Sense etiquetes, Sigues el primer a etiquetar aquest registre!

MARC

LEADER 00000nam a2200000 a 4500
001 UCX5218
003 CL-VaPUC
008 921008e19460000SP |||||||||||||||||spa|d
082 0 4 |a 867  |b VAL  |2 21 
100 |a Valdés, Alfonso de  |e autor  |9 321485 
245 1 0 |a Diálogo de las cosas ocurridas en Roma 
300 |a 2 v 
942 |c BK 
945 |d 19921008 00:00:00 
260 |a Madrid  |b Espasa Calpe  |c 1946 
650 0 |a Sátiras españolas  |9 267790 
583 |a last modification  |c 19921008 00:00:00  |k Rodrigo Vera 
490 0 |a Clásicos Castellanos, 89 
999 |c 225515  |d 225513 
952 |0 0  |1 0  |4 0  |6 867_000000000000000_VAL_1946  |7 0  |8 A  |9 223091  |a FDOPOS  |b FDOPOS  |d 2019-11-15  |h v.1  |i 2919397  |o 867 VAL 1946  |p 2919397  |r 2025-01-22  |w 2019-11-15  |y BK  |k MLH